000 00284nam a22000977a 4500
005 20250901165411.0
008 210323b ||||| |||| 00| 0 eng d
050 _aLC5133.L67F66 2008
245 _aRENTLESS PURSUIT
_bA YEAR IN THE TRENCHES WITH TEACH FOR AMERICA
_cFOOTE, DONNA
942 _2lcc
999 _c3350
_d3350